Türkiye'de kamu harcamalarının gelişimi (Record no. 10317)

MARC details
000 -BAŞLIK
Sabit Uzunlukta Kontrol Alanı 00806na a2200253 4500
001 - KONTROL NUMARASI
Denetim Alanı 23835
003 - KONTROL NUMARASI IDENTIFIER
Denetim Alanı MIRAKIL
005 - SON İŞLEM TARİHİ VE ZAMANI
Denetim Alanı 20181213155315.0
008 - SABİT-BOY VERİ ELEMANLARI - GENEL BİLGİLER
Sabit Uzunlukta Kontrol Alanı 180104b tu 000 0
040 ## - KATALOGLAMA KAYNAK
Orijinal Kataloglama Ajansı Milas
Kataloglama Dili tur
Metne Dönüştürmek Ajansı TR-AnCHP
041 ## - DİL KODU
Metin / Ses Parça Veya Ayrı Başlığın Dil Kodu tur
082 ## - DEWEY ONLU SINIFLANDIRMA NUMARASI
Sınıflandırma Numarası 336.3
Ürün Numarası B94t 1993
090 ## - SINIFLAMA NUMARASI
Sınıflama Numarası 336.3 B94t 1993
100 ## - ANA GİRİŞ - KİŞİSEL İSİM
Kişisel Ad Bülbül, Duran
245 ## - BAŞLIK TABLOSU
Başlık Türkiye'de kamu harcamalarının gelişimi
Başlığın Kalan 1980-1990 dönemine ilişkin bir inceleme
Sorumluluk Tablosu, Vb Duran Bülbül
246 ## - UNVAN FORM VARYING
Başlık Doğru / Kısa Başlığı 1980-1990 dönemine ilişkin bir inceleme
260 ## - YAYIN, DAĞITIM, VB
Yayın, Dağıtım, Vb Yeri Ankara
Yayıncı, Dağıtıcı, Vs Adı [yayl.y.]
Yayın, Dağıtım, Vb Tarihi 1993
Üretici Firma Takav matbaası
300 ## - FİZİKSEL TANIM
Kapsam 113 s.
Diğer Fiziksel Ayrıntıları tbl.
Boyutlar 20 sm.
500 ## - GENEL NOT
Genel Not Yapıt yazarından imzalıdır.
504 ## - KAYNAKÇA VB NOT
Kaynakça Vb Notu Kaynakça var.
650 ## - KONU KATMA GİRİŞ - TOPİKAL DÖNEM
Topikal Süreli Veya Coğrafi Ad Giriş Elemanı Kamu harcamaları
Coğrafi Alt Bölümü Türkiye
740 ## - KATMA GİRİŞ - KONTROLSUZ İLGİLİ / ANALİTİK BAŞLIK
Kontrol Edilmeyen / İlgili Analitik Başlıktaki 1980-1990 dönemine ilişkin bir inceleme
942 ## - EKLENDİ GİRİŞ ELEMANLARI (KOHA)
Sınıflandırma Veya Raf Düzeni Kaynak
Koha Öğesi Türü Books
999 ## - SİSTEM KONTROL NUMARALARI (KOHA)
Koha Biblionumber 10317
Koha Biblioitemnumber 10317
Holdings
Kalıcı Konum Mevcut Konum Edinme Tarihi Edinim Kaynak Toplam Check-Out'Lar Tam Çağrı Numarası Barkod Tarih Son Görülme İtibaren Geçerli Fiyatlar Koha Öğesi Türü
CHP Kütüphanesi CHP Kütüphanesi 01/04/2018 Bağış   336.3 B94t 1993 017813 01/04/2018 01/04/2018 Books